GRAINGER AND ALLISON DIAGNOSTIC RADIOLOGY A TEXTBOOK OF MEDICAL IMAGING (Record no. 8189)

MARC details
000 -LEADER
fixed length control field 00331nam a2200133Ia 4500
008 - FIXED-LENGTH DATA ELEMENTS--GENERAL INFORMATION
fixed length control field 220613s9999||||xx |||||||||||||| ||und||
100 ## - MAIN ENTRY--PERSONAL NAME
Author Name A ADAM
245 #0 - TITLE STATEMENT
Title GRAINGER AND ALLISON DIAGNOSTIC RADIOLOGY A TEXTBOOK OF MEDICAL IMAGING
250 ## - EDITION STATEMENT
Edition 5TH
260 ## - PUBLICATION, DISTRIBUTION, ETC. (IMPRINT)
Name of publisher CHURCHILL
300 ## - PHYSICAL DESCRIPTION
Page No 1807
650 ## - SUBJECT ADDED ENTRY--TOPICAL TERM
Subject Radiology
942 ## - ADDED ENTRY ELEMENTS (KOHA)
Koha item type Medicine
Holdings
Withdrawn status Lost status Source of classification or shelving scheme Damaged status Not for loan Home library Current library Total Checkouts Barcode Copy number Koha item type
    Dewey Decimal Classification     SRHU Library System SRHU Library System   CL0012519 1 Radiology
Designed & Maintained by: SRHU Library System
Central Library, Contact: